000 00871nam a2200217 a 4500
001 000008968
005 20240412074208.0
008 090922s2000 dr ac 000 0 spa d
040 _aDO-SdBNP
_bspa
_cBNPHU
082 _aRD861.08
_bF488a
245 0 0 _aAl filo del agua :
_bXX años de poesía dominicana (1979-1999) /
_cEstudio preliminar, selección y notas Miguel Antonio Jiménez.
260 _aSanto Domingo :
_bUASD,
_c2000.
300 _av. :
_bil., retr. ;
_c24 cm.
500 _aPertenece a la colección horizonte I # 2, colección del taller literario César Vallejo de la Universidad Autónoma de Santo Domingo
500 _aLa biblioteca posee el volumen 1 y 2
504 _aIncluye bibliografías (p. 1185-1194)
650 0 _aPoesía dominicana
_966
650 0 _aLiteratura dominicana.
_967
700 1 _aJiménez, Miguel Antonio,
_923568
049 _aBNPD
999 _c8732
_d8732